Marxismo contra stalinismo: Marx en la primera mitad del siglo XX

-д хадгалсан:
Номзүйн дэлгэрэнгүй
Үндсэн зохиолч: Petrovic, Gajo (Зохиогч)
Формат: Ном
Хэл сонгох:испани
Хэвлэсэн: Barcelona Seix Barral 1970
Цуврал:Biblioteca Breve de Bolsillo
Нөхцлүүд:
Шошгууд: Шошго нэмэх
Шошго байхгүй, Энэхүү баримтыг шошголох эхний хүн болох!

MARC

LEADER 00000nam a2200000 a 4500
001 UCT5985
003 CL-VaPUC
008 961223e19700000SP |||||||||||||||||spa|d
082 0 4 |a 335.411  |b PET  |2 21 
100 0 |a Petrovic, Gajo  |e author  |9 375674 
245 1 0 |a Marxismo contra stalinismo: Marx en la primera mitad del siglo XX 
300 |a 279 p 
942 |c BK 
945 |d 19961223 00:00:00  |a paguirre 
260 |a Barcelona  |b Seix Barral  |c 1970 
650 0 |a Ideologías  |9 255200 
650 7 |a MARXISMO  |2 CL-VaPUC  |9 375675 
650 0 |a Comunismo  |9 255588 
650 7 |a FILOSOFIA POLITICA  |2 CL-VaPUC  |9 375676 
650 0 |a Ciencias Políticas  |9 255201 
650 0 |a Doctrinas políticas  |9 255835 
651 7 |a MARX, KARL  |2 CL-VaPUC  |9 375677 
583 |a last modification  |c 19961223 00:00:00  |k Rodrigo Vera 
490 0 |a Biblioteca Breve de Bolsillo 
999 |c 254751  |d 254749 
952 |0 0  |1 0  |4 0  |6 335_411000000000000_PET_1970  |7 0  |8 A  |9 276623  |a BIBDER  |b BIBDER  |d 2019-11-19  |i 1799711  |o 335.411 PET 1970  |p 1799711  |r 2023-01-25  |w 2019-11-19  |y BK  |k DER 
952 |0 0  |1 0  |4 0  |6 335_411000000000000_PET_1970  |7 0  |8 A  |9 276624  |a BIBHIS  |b BIBHIS  |d 2019-11-19  |i 1349643  |o 335.411 PET 1970  |p 1349643  |r 2025-01-20  |w 2019-11-19  |y BK  |k HIS